Žiadne orgie, žiadne večierky Fámy a pravda o Dome hostí, záznam ako "Malý Biely dom"

Bibliographic Details
Main Author: Bálint, Tomáš (Author)
Corporate Author: Dom hostí (Košice, Slovensko) (Author)
Format: Article
Language:Slovak
PhysicalDescription:1 obr.
Subjects:

MARC

LEADER 00000nab a2200000 a 4500
001 vtls000903149
003 SK-MaSNL
005 20260302172715.0
008 040720e20000203xo 0 slo
035 |a KE12118 
040 |a KEVKJB  |b slo  |c KEVKJB  |e AACR2 
041 0 |a slo 
044 |a xo  |c SK 
080 |a 64.024.1  |2 1981 
100 1 |a Bálint, Tomáš  |4 aut  |9 877309 
245 1 0 |a Žiadne orgie, žiadne večierky  |b Fámy a pravda o Dome hostí, záznam ako "Malý Biely dom" 
300 |b 1 obr. 
610 2 7 |a Dom hostí (Košice, Slovensko)  |2 KEVKJB  |9 879153 
650 0 7 |a hotely  |2 KEVKJB  |9 18422 
650 0 7 |a služby  |2 KEVKJB  |9 2356 
650 0 7 |a informácie  |2 KEVKJB  |9 1285 
651 7 |a Košice (Slovensko)  |2 KEVKJB  |9 18694 
651 7 |a KE,  |2 KEVKJB  |9 877256 
655 7 |a periodikum  |2 snkbucl  |9 29553 
710 2 |a Dom hostí (Košice, Slovensko)  |4 aut  |9 879153 
773 0 8 |t Košický večer  |g Roč. 11  |g Roč. 32, č.23, 3.2.2000, s. 8 
852 |a ZVYKNI  |b KIS3GCP 
999 |c 1399513  |d 1401443